Sports Quiz

Random Sports or MLB Quiz
Score 0/7 Timer 01:30
0 Plays Today
% Correct
New York Yankees
86.2%
Tampa Bay Rays
58.9%
Toronto Blue Jays
54.2%
Dallas Cowboys
38.3%
Arizona Coyotes
33.5%
Philadelphia Flyers
33.3%
Kansas City Royals
28.6%
Remove Ads.
Support Sporcle.
Get the best of Sporcle when you Go Orange. This ad-free experience offers more features, more stats, and more fun while also helping to support Sporcle. Thank you for becoming a member.

You're not logged in!

Compare scores with friends on all Sporcle quizzes.
OR
Log In

Show Comments

Extras

Top Quizzes Today


Score Distribution

Your Account Isn't Verified!

In order to create a playlist on Sporcle, you need to verify the email address you used during registration. Go to your Sporcle Settings to finish the process.

Report this User

Report this user for behavior that violates our Community Guidelines.

Details: